Kannst du diese Radiohead Songs an Emojis erkennen? - Statistiken

Allgemein
  • Dieses Quiz wurde 13 mal gespielt
  • Das Durchschnittsergebnis liegt bei 6 aus 10
Antwortstatistiken
Hint Antwort % Korrekt
⬛⭐ Black Star
92%
🍀🍀 Lucky
75%
🌅🔔 Morning Bell
67%
🏃🚓 Karma Police
58%
🚫🙀 No Surprises
58%
⤴️&🏜️ High and Dry
50%
🧩👇 Jigsaw falling into Place
50%
🌈🚪📼 Videotape
50%
❌🌳 Fake Plastic Trees
42%
🔥🧙 Burn the Witch
33%
Keine übereinstimmenden Quizze gefunden
Verteilung der Resultate
Anzahl Personen mit jedem Resultat
Perzentil nach korrekt beantworteten Fragen
Ihre Resultats-Entwicklung
Sie haben dieses Quiz noch nicht gespielt